000 00454nam a22001697a 4500
005 20210423055133.0
008 210223b1967 ||||| |||| 00| 0 eng d
040 _cDLC
080 _a821.111
_bH-15
100 _9920
_aHaggard.William
245 _aThe hard sell
260 _aNew York
_bSignet
_c1967
300 _a144 p.:
650 0 _9247
_aEnglish literature
653 _aინგლისური ლიტერატურა
942 _2udc
_cBK
999 _c1675
_d1675